Movies Quiz

Random Movies or Letter Quiz

One Word 'F' Movies Quiz Stats

 Plays Quiz Updated Apr 19, 2015

Challenge
Share
Tweet
Score 0/20 Timer 05:00
2 Plays Today
% Correct
Frozen
97.3%
Frankenstein
96.9%
Fantasia
89.9%
Flubber
88.9%
Footloose
84%
Fargo
72.4%
Flashdance
70.2%
Flight
63.8%
Freaks
59%
Frida
58.4%
% Correct
Fame
54.9%
Fletch
49.8%
Frankenweenie
49%
Friday
47.5%
Fury
42.8%
Foxcatcher
40.8%
Flightplan
35.5%
Flatliners
31.5%
Frequency
21.6%
Fracture
11%

You're not logged in!

Compare scores with friends on all Sporcle quizzes.
Join for Free
OR
Log In

You Might Also Like...

Show Comments

Extras

Top Quizzes Today


Score Distribution

Your Account Isn't Verified!

In order to create a playlist on Sporcle, you need to verify the email address you used during registration. Go to your Sporcle Settings to finish the process.

Report this User

Report this user for behavior that violates our Community Guidelines.

Details: